000 01042nam0a22002651 4500
001 rc\4980579
005 20260407111626.0
021 _aRU
_b68-101549
021 _aRU
_bРг2361-69
035 _a(NLR Aleph) 008967540
090 _a9103719
_c9103719
100 _a20130430d1968 |||y0rusy50 ca
101 0 _arus
102 _aRU
105 _aa z |||||
200 1 _aРуководство для самоконтроля знаний правил движения транспортных средств на машинках АС-15 и КОУ-ВК1
_fБелорус. ин-т механизации сел. хоз-ва
210 _aМинск
_cБ. и.
_d1968
215 _a[21] с.
_cил.
_d21х14
300 _aОтпеч. множит. аппаратом
712 0 2 _aБелорусский институт механизации сельского хозяйства
_cМинск
_3RU\NLR\AUTH\889939325
_9373519
801 0 _aRU
_bNLR
_gpsbo
801 1 _aRU
_bELAR
_2rusmarc
852 _aNLR
_j69-4/3568
942 _cBOOK
980 _aNB